Online
Catalog

Danilo Medina Sánchez: (Record no. 50119)

MARC details
000 -CABECERA
campo de control de longitud fija 02523nam a2200385 i 4500
003 - IDENTIFICADOR DEL NÚMERO DE CONTROL
campo de control DO-SdBNP
005 - FECHA Y HORA DE LA ÚLTIMA TRANSACCIÓN
campo de control 20250621074009.0
006 - CÓDIGOS DE INFORMACIÓN DE LONGITUD FIJA--CARACTERÍSTICAS DEL MATERIAL ADICIONAL
campo de control de longitud fija a||||gr|||| 00| 0
007 - CAMPO FIJO DE DESCRIPCIÓN FÍSICA--INFORMACIÓN GENERAL
campo de control de longitud fija ta
008 - DATOS DE LONGITUD FIJA--INFORMACIÓN GENERAL
campo de control de longitud fija 210715e2019 dr ac||gr|||| 001 0 spa d
020 ## - NÚMERO INTERNACIONAL ESTÁNDAR DEL LIBRO
Número Internacional Estándar del Libro 9789945084887
040 ## - FUENTE DE LA CATALOGACIÓN
Centro catalogador/agencia de origen DO-SdBNP
Lengua de catalogación spa
Centro/agencia transcriptor BNPHU
Normas de descripción rda
082 #4 - NÚMERO DE LA CLASIFICACIÓN DECIMAL DEWEY
Número de documento/Ítem M491R 2019
Número de edición 22
100 1# - ENTRADA PRINCIPAL--NOMBRE DE PERSONA
Nombre de persona Ramírez Morillo, Belarminio,
Fechas asociadas al nombre 1964-
9 (RLIN) 2520
Término indicativo de función/relación autor
245 10 - MENCIÓN DE TÍTULO
Título Danilo Medina Sánchez:
Resto del título el gerente y líder en la escena /
Mención de responsabilidad, etc. Belarminio Ramírez Morillo; diagramación y diseño de portada, Juan Francisco Domínguez Nova.
250 ## - MENCIÓN DE EDICIÓN
Mención de edición 4ta. edición
264 ## - PRODUCCIÓN, PUBLICACIÓN, DISTRIBUCIÓN, FABRICACIÓN Y COPYRIGHT
Producción, publicación, distribución, fabricación y copyright Santo Domingo :
Nombre del de productor, editor, distribuidor, fabricante FESJE,
Fecha de producción, publicación, distribución, fabricación o copyright 2019
300 ## - DESCRIPCIÓN FÍSICA
Extensión 492 páginas :
Otras características físicas ilustraciones, fotografías, retratos ;
Dimensiones 23 cm.
336 ## - TIPO DE CONTENIDO
Fuente rdacontent
Término de tipo de contenido texto
Código de tipo de contenido txt
337 ## - TIPO DE MEDIO
Fuente rdamedia
Nombre/término del tipo de medio sinmediación
Código del tipo de medio n
338 ## - TIPO DE SOPORTE
Fuente rdacarrier
Nombre/término del tipo de soporte volumen
Código del tipo de soporte nc
500 ## - NOTA GENERAL
Nota general Incluye índice onomástico, páginas 487- 492
500 ## - NOTA GENERAL
Nota general Incluye biografía del autor en la solapa de la cubierta.
504 ## - NOTA DE BIBLIOGRAFÍA, ETC.
Nota de bibliografía, etc. Bibliografía, páginas 477- 486.
505 00 - NOTA DE CONTENIDO CON FORMATO
Título Dedicatoria.--
-- Agradecimientos.--
-- Introducción.--
-- Capítulo I.
-- Danilo Medina en la balanza de las teorías de la ciencia del liderazgo.--
-- Capítulo II
-- Los valores como anclas de la confianza y la credibilidad.--
-- Capítulo III.
-- El comienzo.--
-- Capítulo IV.
-- Los momentos claves en la imágen el estadista.--
-- Capítulo V.
-- Gerencia y liderazgo: la combinación de la excelencia.--
-- Capítulo VI.
-- Danilo como persona íntegra.--
-- Capítulo VII.
-- La comunicación del presidente y el gobierno humilde.--
505 00 - NOTA DE CONTENIDO CON FORMATO
Título Capítulo VIII.
-- El líder afectivo, consciente, servidor y conciliador.--
-- Capítulo IX.
-- El líder optimista y visionario.--
-- Capítulo X.
-- Haciendo lo que nunca se hizo.--
-- Capítulo XII.
-- Danilo como paradigma: cambiando el perfil del candidato y presidente ideal.--
-- Capítulo XIII.
-- El líder proactivo estimulando el desarrollo económico de la nación.
-- Capítulo XIV.
-- El líder con la mirada puesta en la sucesión: la contienda electoral del 2016.--
590 ## - NOTA LOCAL (RLIN)
Nota local Inventariado 2024 / MF
600 #4 - PUNTO DE ACCESO ADICIONAL DE MATERIA--NOMBRE DE PERSONA
Nombre de persona Medina, Danilo
9 (RLIN) 9559
Fechas asociadas al nombre 1951-
Subdivisión general Crítica e Interpretación
650 ## - PUNTO DE ACCESO ADICIONAL DE MATERIA--TÉRMINO DE MATERIA
Término de materia o nombre geográfico como elemento de entrada Danilo Medina
Subdivisión general Vida Política
-- Liderazgo
Subdivisión cronológica 2012 - 2020
9 (RLIN) 85652
651 #0 - PUNTO DE ACCESO ADICIONAL DE MATERIA--NOMBRE GEOGRÁFICO
Nombre geográfico República Dominicana
Subdivisión general Política y gobierno
9 (RLIN) 45
700 1# - PUNTO DE ACCESO ADICIONAL--NOMBRE DE PERSONA
Nombre de persona Domínguez Nova, Juan Francisco,
9 (RLIN) 83553
Término indicativo de función/relación diagramación y diseño de portada
710 #2 - PUNTO DE ACCESO ADICIONAL--NOMBRE DE ENTIDAD CORPORATIVA
9 (RLIN) 2523
Nombre de entidad corporativa o nombre de jurisdicción como elemento de entrada Fundación de Estudios Sociopolíticos, Jurídicos y Económicos (República Dominicana)
910 ## - DATOS DE OPCIÓN DEL USUARIO (OCLC)
Datos de opción del usuario MFeliz
942 ## - ELEMENTOS DE PUNTO DE ACCESO ADICIONAL (KOHA)
Fuente del sistema de clasificación o colocación Dewey Decimal Classification
Tipo de ítem Koha Libro
Holdings
Estado de retiro Estado de pérdida Fuente del sistema de clasificación o colocación Restricciones de uso No para préstamo Código de colección Localización permanente Ubicación/localización actual Ubicación en estantería Fecha de adquisición Fuente de adquisición Total de préstamos Signatura topográfica completa Código de barras Fecha visto por última vez Precio válido a partir de Tipo de ítem Koha Número de copia
    Dewey Decimal Classification Excluido de préstamo   Patrimonio Dominicano Biblioteca Nacional Pedro Henríquez Ureña Biblioteca Nacional Pedro Henríquez Ureña En catalogación 18.09.2018 Depósito Legal / Editora Centenario   M491R 2019 2021-25167 15.07.2021 15.07.2021 Libro  
    Dewey Decimal Classification Excluido de préstamo   Patrimonio Dominicano Biblioteca Nacional Pedro Henríquez Ureña Biblioteca Nacional Pedro Henríquez Ureña Depósito 18.09.2018 Depósito Legal / Editora Centenario   M491R 2019 2021-25168 15.07.2021 15.07.2021 Libro e.2

Powered by Koha